Movies Quiz

Random Movies or Disney Quiz
Score 0/20 Timer 05:00
2 Plays Today
Star % Correct
Robin Williams
93.1%
Eddie Murphy
81.9%
Jeremy Irons
63%
Angela Lansbury
57.8%
Danny DeVito
57.2%
Mel Gibson
55.4%
John Travolta
52.2%
David Spade
49.6%
Rosie O'Donnell
48.9%
Demi Moore
46%
Star % Correct
Jane Lynch
38.1%
Billy Joel
33.6%
Michael J. Fox
33.5%
Eva Gabor
30.9%
John Goodman
23.1%
Bob Newhart
21.5%
Roseanne Barr
17%
Joaquin Phoenix
12.8%
Kurt Russell
12.6%
Martin Short
10%
Remove Ads.
Support Sporcle.
Get the best of Sporcle when you Go Orange. This ad-free experience offers more features, more stats, and more fun while also helping to support Sporcle. Thank you for becoming a member.

You're not logged in!

Compare scores with friends on all Sporcle quizzes.
OR
Log In

Show Comments

Extras

Top Quizzes Today


Score Distribution

Your Account Isn't Verified!

In order to create a playlist on Sporcle, you need to verify the email address you used during registration. Go to your Sporcle Settings to finish the process.

Report this User

Report this user for behavior that violates our Community Guidelines.

Details: